=LDR 00000nam 2200000 4500 =001 INLIS000000000044676 =005 20140521172759.0 =006 =007 =008 ind =035 ##$$0010-101300000002598 =041 ##$$a ind =082 ##$$a 813 =100 ##$$a Tolstoi, Leo =245 ##$$a Haji murat =260 ##$$a 2009 $b Bogor =300 ##$$a 191 hlm, 20 cm =850 ##$$a NBPNMAT =990 ##$$a 93232/BPAP-NTB/2014 =990 ##$$a 21195125/BPAP-NTB/2014 =990 ##$$a 0001/BPAP-NTB/2016